000 00329nam a2200133Ia 4500
008 230516s9999 xx 000 0 und d
041 _aeng
082 _a615.1/PIL
100 _aK. K. Pillai
245 _aEXPERIMENTAL PHARMACOLOGY
260 _bCBS Publication
_c1999
300 _a124
650 _aPHARMACOLOGY AND TOXICOLOGY
999 _c390291
_d390291